Quiz sul Sudan - Statistics

Statistiche generali
  • Questo quiz è stato fatto 478 volte
  • Il punteggio medio è 17 su 21
Statistiche sulle risposte
Hint % Corretto
Egitto
95%
Deserto che occupa la maggior parte del paese Sahara
95%
Eritrea
94%
Etiopia
94%
Sudan del Sud
94%
Paesi confinanti Ciad
92%
Religione dominante Islam
92%
Mare che bagna il Sudan Mar Rosso
91%
Libia
90%
Fiume più lungo Nilo
90%
Lingue ufficiali Arabo
88%
Capitale Khartum
84%
Inglese
83%
Il Sudan ha il maggior numero di queste antiche costruzioni, anche rispetto al suo vicino settentrionale Piramidi
83%
Repubblica Centrafricana
82%
Il Sudan è il secondo paese che ha il più alto numero di esemplari di questo animale del deserto Cammello
80%
Nilo Bianco
58%
Principali affluenti di questo fiume Nilo Azzurro
56%
Regione teatro di un conflitto che ha causato circa 400.000 morti Darfur
46%
Nome per la regione storica del nord del Sudan Nubia
41%
Città più grande su questo mare Port Sudan
40%
Nessun quiz corrispondente trovato
Distribuzione punteggi
Percentuale di utenti per punteggio
Percentile per numero di risposta
I tuoi punteggi nel tempo
Non hai fatto questo quiz